| 000 | 00700na a2200217 4500 | ||
|---|---|---|---|
| 001 | 20723 | ||
| 003 | MIRAKIL | ||
| 005 | 20181213155146.0 | ||
| 008 | 170126b tu 000 0 | ||
| 040 |
_aMilas _btur _cTR-AnCHP |
||
| 041 | _atur | ||
| 082 |
_a324.2382 _bA14a [t.y.] |
||
| 090 | _a324.2382 A14a [t.y.] | ||
| 100 | _aAcıpayamlı, Murat | ||
| 245 |
_a"Adil Düzen" diye diye _bRP'nin Çorum dosyası ve günlükler _cMurat Acıpayamlı |
||
| 260 |
_aÇorum _b[yayl.y.] _c[t.y.] _fTuğra Limited Şti. |
||
| 300 |
_a320 s. _bres. _c20 sm. |
||
| 610 |
_aRefah Partisi (RP) _xKarşı yazılar _yAraştırma ve inceleme |
||
| 651 |
_aÇorum _xSiyasal yaşam _yAraştırmalar |
||
| 942 |
_2dcc _cBKS |
||
| 999 |
_c7668 _d7668 |
||